[Event "ch-RUS Blitz Women 2017"]
[Site "Sochi RUS"]
[Date "2017.10.02"]
[Round "3.13"]
[White "Voit, Daria"]
[Black "Protopopova, Anastasiya"]
[Result "1-0"]
[WhiteTitle "FM"]
[BlackTitle "WFM"]
[WhiteElo "2387"]
[BlackElo "2219"]
[WhiteFideId "4182146"]
[BlackFideId "24172073"]
[EventDate "2017.10.02"]
[EventType "blitz"]

1. d4 d5 2. c4 c6 3. Nf3 Nf6 4. Nc3 a6 5. e3 e6 6. b3 Bb4 7. Bd2 O-O 8. Bd3 Nbd7
9. O-O Qe7 10. Qc2 dxc4 11. bxc4 e5 12. dxe5 Nxe5 13. Nxe5 Qxe5 14. Rab1 Bd6 15.
f4 Qh5 16. Be2 Qf5 17. Qxf5 Bxf5 18. Rxb7 Rab8 19. Rxb8 Rxb8 20. Bf3 Rb2 21. Rf2
Ng4 22. Bxg4 Bxg4 23. Ne4 Be7 24. Bc3 Rb1+ 25. Rf1 Rxf1+ 26. Kxf1 Be6 27. Nd2
Bc5 28. Ke2 Kf8 29. Kd3 f5 30. Nb3 Bb6 31. Ba5 Ba7 32. Bb4+ Ke8 33. Bc5 Bb8 34.
Bd4 g6 35. Nc5 Bc8 36. Kc3 Bd6 37. Nd3 Ke7 38. Bc5 a5 39. Bxd6+ Kxd6 40. Kd4 Ba6
41. Nc5 Bc8 42. a4 h6 43. Nb3 g5 44. Nxa5 c5+ 45. Kd3 Bd7 46. fxg5 hxg5 47. Nb7+
Kc6 48. Nd8+ Kc7 49. Nf7 g4 50. a5 Kb7 51. h4 gxh3 52. gxh3 Ka6 53. h4 Kxa5 54.
h5 Be8 55. h6 Bxf7 56. h7 f4 57. h8=Q fxe3 58. Qa8+ Kb4 59. Qb7+ 1-0

[Event "ch-RUS Blitz Women 2017"]
[Site "Sochi RUS"]
[Date "2017.10.02"]
[Round "3.14"]
[White "Vasilevich, Tatjana"]
[Black "Getman, Tatyana"]
[Result "0-1"]
[WhiteTitle "IM"]
[WhiteElo "2360"]
[BlackElo "2082"]
[WhiteFideId "14101610"]
[BlackFideId "34166146"]
[EventDate "2017.10.02"]
[EventType "blitz"]

1. d4 d5 2. c4 e6 3. Nc3 Nf6 4. cxd5 exd5 5. Bg5 Bb4 6. e3 O-O 7. Bd3 Nbd7 8.
Ne2 c6 9. Qc2 h6 10. Bh4 Re8 11. O-O Be7 12. Rab1 Ne4 13. Bg3 Nxg3 14. Nxg3 Nf6
15. b4 b6 16. b5 c5 17. dxc5 bxc5 18. Rfd1 Qc7 19. Be2 Bb7 20. Bf3 Rad8 21. a4
d4 22. Bxb7 Qxb7 23. exd4 cxd4 24. Nce2 Qb6 25. Rd3 Rd7 26. Qd2 Red8 27. a5 Qc5
28. b6 axb6 29. axb6 Rb7 30. Qb2 Rdb8 31. Rb3 d3 32. Rb5 Qd6 33. Nf5 Qd8 34.
Nxe7+ Qxe7 35. Ng3 Qd8 36. Nf5 d2 37. Ne3 Ne4 38. f3 Ng5 39. Nf5 Ne6 40. Re5 0-1

[Event "ch-RUS Blitz Women 2017"]
[Site "Sochi RUS"]
[Date "2017.10.02"]
[Round "3.15"]
[White "Belkova, Diana"]
[Black "Belenkaya, Dina"]
[Result "0-1"]
[BlackTitle "WGM"]
[WhiteElo "1962"]
[BlackElo "2346"]
[WhiteFideId "34102849"]
[BlackFideId "24142654"]
[EventDate "2017.10.02"]
[EventType "blitz"]

1. e4 c6 2. d4 d5 3. e5 c5 4. dxc5 Nc6 5. Nf3 Bg4 6. Bb5 Qa5+ 7. Nc3 e6 8. Be3
Ne7 9. h3 Bxf3 10. gxf3 O-O-O 11. a3 d4 12. b4 Qc7 13. Ne4 dxe3 14. Nd6+ Kb8 15.
fxe3 Nxe5 16. f4 N5c6 17. Qf3 Nd5 18. Nc4 Nc3 19. Bxc6 Qxc6 20. Qxc6 bxc6 21.
Ne5 Rc8 22. Nxf7 Rg8 23. Ng5 e5 24. fxe5 Re8 25. Kd2 Nd5 26. e4 Nf4 27. Raf1 Ng6
28. Nxh7 Be7 29. Rhg1 Nxe5 30. Ng5 Bxg5+ 31. Rxg5 Re7 32. Rff5 Nc4+ 33. Kc3 Nxa3
34. e5 Nb5+ 35. Kc4 Rd8 36. Rg6 Nd4 37. Rfg5 Ne6 38. Rg4 Rd2 39. c3 Rf2 40. h4
Rf5 41. Re4 Kc7 42. Rg1 Kb7 43. Rd1 Nc7 44. e6 Nd5 45. Rd3 a6 46. Rg3 Rf6 47.
Reg4 Rfxe6 48. Rxg7 Ne3+ 49. Kb3 Nf5 50. Rxe7+ Rxe7 51. Rh3 Rh7 52. h5 Ng7 53.
Rd3 Nxh5 54. Ka4 Nf4 55. Rd2 Nd5 56. Kb3 Rh3 57. Rc2 Kc7 58. Rc1 Kd7 59. Rc2 Re3
60. Rc1 Ke6 61. Rc2 Ke5 62. Rc1 Ke4 63. Rc2 Kf3 64. Kc4 Re4+ 65. Kd3 Nf4+ 0-1

[Event "ch-RUS Blitz Women 2017"]
[Site "Sochi RUS"]
[Date "2017.10.02"]
[Round "3.16"]
[White "Nebolsina, Vera"]
[Black "Ilyina, Lada"]
[Result "1-0"]
[WhiteTitle "WGM"]
[WhiteElo "2220"]
[BlackElo "1736"]
[WhiteFideId "4163591"]
[BlackFideId "34165891"]
[EventDate "2017.10.02"]
[EventType "blitz"]

1. e4 e6 2. d4 d5 3. exd5 exd5 4. Nf3 Nf6 5. Bd3 Bd6 6. Qe2+ Qe7 7. Qxe7+ Bxe7
8. O-O Nc6 9. Bf4 Bg4 10. Ne5 Nxd4 11. Nxg4 Nxg4 12. Bxc7 Rc8 13. Bg3 Nxc2 14.
Rc1 Bf6 15. Bxc2 Bxb2 16. Re1+ Kd8 17. Na3 Bxa3 18. Bf5 Rc4 19. Rad1 Nf6 20. Be5
Rc5 21. Re3 Bb4 22. g4 Nd7 23. Bxg7 Rg8 24. Bd4 Rc7 25. Kf1 h5 26. h3 1-0

[Event "ch-RUS Blitz Women 2017"]
[Site "Sochi RUS"]
[Date "2017.10.02"]
[Round "4.1"]
[White "Maltsevskaya, Aleksandra"]
[Black "Bodnaruk, Anastasia"]
[Result "0-1"]
[BlackTitle "IM"]
[WhiteElo "2260"]
[BlackElo "2432"]
[WhiteFideId "24174041"]
[BlackFideId "4181751"]
[EventDate "2017.10.02"]
[EventType "blitz"]

1. e4 c5 2. Nf3 d6 3. d4 cxd4 4. Nxd4 Nf6 5. Nc3 a6 6. Qd3 g6 7. Be2 Bg7 8. Bg5
Nbd7 9. O-O-O O-O 10. f4 Qc7 11. h4 h5 12. g4 e5 13. Nb3 exf4 14. gxh5 gxh5 15.
Rhg1 Kh8 16. Bxf6 Nxf6 17. Rxg7 Kxg7 18. Qd4 Qd8 19. Rg1+ Kh7 20. Nd5 Ng4 21.
Bxg4 Bxg4 22. e5 dxe5 23. Qxe5 f6 24. Qe4+ f5 25. Qe6 Rc8 26. Nd4 f3 27. Ne7 Qe8
28. Rxg4 hxg4 29. Ndxf5 Rxf5 30. Qxf5+ Kg7 31. Nxc8 Qe1# 0-1

[Event "ch-RUS Blitz Women 2017"]
[Site "Sochi RUS"]
[Date "2017.10.02"]
[Round "4.2"]
[White "Goryachkina, Aleksandra"]
[Black "Styazhkina, Anna"]
[Result "1-0"]
[WhiteTitle "WGM"]
[BlackTitle "WIM"]
[WhiteElo "2478"]
[BlackElo "2301"]
[WhiteFideId "4147103"]
[BlackFideId "24119300"]
[EventDate "2017.10.02"]
[EventType "blitz"]

1. e4 e5 2. Nf3 Nc6 3. d4 exd4 4. Nxd4 Qh4 5. Nc3 Bb4 6. Nxc6 dxc6 7. Bd3 Nf6 8.
Be3 Be6 9. a3 Bxc3+ 10. bxc3 Rd8 11. Qf3 O-O 12. Qg3 Qxg3 13. hxg3 b6 14. f3 h6
15. g4 Nd7 16. g5 hxg5 17. Bxg5 f6 18. Bf4 Ne5 19. Bxe5 fxe5 20. Rh5 c5 21. Rxe5
Kf7 22. Rh5 Rd6 23. Rd1 Rfd8 24. Be2 c4 25. Rxd6 Rxd6 26. f4 Ke7 27. f5 Bf7 28.
e5 Rd5 29. Rh7 Rxe5 30. Rxg7 Kf6 31. Rh7 Rxf5 32. Rh4 b5 33. Rd4 c5 34. Rd7 Re5
35. Kd2 a5 36. Ra7 a4 37. Rb7 Rd5+ 38. Kc1 Re5 39. Bf3 Be8 40. Rb6+ Kg5 41. Rb7
Kf4 42. Kd2 Rg5 43. Re7 Rg8 44. Bd5 Rf8 45. Re4+ Kg3 46. Re3+ Kh4 47. Rf3 Rxf3
48. Bxf3 Kg3 49. Kc1 Bd7 50. Kd2 Bf5 51. Bc6 Be6 52. Bxb5 1-0

[Event "ch-RUS Blitz Women 2017"]
[Site "Sochi RUS"]
[Date "2017.10.02"]
[Round "4.3"]
[White "Bezgodova, Svetlana"]
[Black "Pogonina, Natalija"]
[Result "0-1"]
[WhiteTitle "WIM"]
[BlackTitle "WGM"]
[WhiteElo "2060"]
[BlackElo "2466"]
[WhiteFideId "4110650"]
[BlackFideId "4147855"]
[EventDate "2017.10.02"]
[EventType "blitz"]

1. Nf3 d5 2. c3 Nf6 3. d3 c5 4. Nbd2 Nc6 5. e4 e5 6. Be2 Be7 7. O-O O-O 8. a3 a5
9. a4 b6 10. Re1 Bb7 11. exd5 Nxd5 12. Nc4 f6 13. Qb3 Kh8 14. Bf1 Rb8 15. Bd2
Re8 16. Rad1 Bf8 17. Bc1 Qc7 18. Nfd2 Nce7 19. Nb1 Ng6 20. Nba3 Bc6 21. Nb5 Qd7
22. g3 Nc7 23. Nca3 Nxb5 24. Nxb5 Bf3 25. Be2 Bd5 26. Qc2 Bb7 27. f3 Qc6 28. Rf1
Rbd8 29. Rf2 Ne7 30. Bf1 Nd5 31. Bg2 Qe6 32. Qb3 Qd7 33. Na3 Bc6 34. Nb5 Nc7 35.
Nxc7 Qxc7 36. Qc4 Qd7 37. b3 Bd5 38. Qh4 Bxb3 39. Rdd2 Bxa4 40. Bh3 Qc6 41. Bf5
h6 42. Qh5 Qd5 43. Ra2 Bb3 44. Rab2 a4 45. Bxh6 gxh6 46. Qg6 Qg8 47. Qxf6+ Bg7
48. Qxb6 Rf8 49. Be4 c4 50. dxc4 Qxc4 51. Qg6 Rd1+ 52. Kg2 Qg8 53. g4 Rf6 54.
Qh5 a3 55. Rxb3 Qxb3 56. Qe8+ Qg8 57. Qxe5 Rfd6 58. Qa5 a2 59. Rxa2 R6d2+ 60.
Rxd2 Rxd2+ 61. Kh3 Qb8 62. f4 Qxf4 63. Qa8+ Bf8 64. Bg2 Rd3+ 0-1

[Event "ch-RUS Blitz Women 2017"]
[Site "Sochi RUS"]
[Date "2017.10.02"]
[Round "4.4"]
[White "Kashlinskaya, Alina"]
[Black "Kharmunova, Nadezhda"]
[Result "1-0"]
[WhiteTitle "IM"]
[BlackTitle "WIM"]
[WhiteElo "2455"]
[BlackElo "2199"]
[WhiteFideId "4198026"]
[BlackFideId "4195876"]
[EventDate "2017.10.02"]
[EventType "blitz"]

1. d4 Nf6 2. c4 e6 3. Nc3 Bb4 4. e3 c5 5. Bd3 Nc6 6. Ne2 cxd4 7. exd4 d5 8. c5
O-O 9. O-O e5 10. a3 Ba5 11. dxe5 Nxe5 12. Bg5 Be6 13. Bc2 Bxc3 14. Nxc3 Ned7
15. Re1 h6 16. Bxf6 Qxf6 17. Qd3 g6 18. Nxd5 Qg5 19. Nc7 Nxc5 20. Qc3 Rac8 21.
Re5 Qe7 22. Rxc5 b6 23. Nxe6 Qxe6 24. Rxc8 Rxc8 25. Qd2 Rc5 26. h3 Qc6 27. Bb3
Rg5 28. f4 Rg3 29. Bd5 Qc5+ 30. Kh2 Re3 31. Rc1 1-0

[Event "ch-RUS Blitz Women 2017"]
[Site "Sochi RUS"]
[Date "2017.10.02"]
[Round "4.5"]
[White "Sukhareva, Evgeniya"]
[Black "Ubiennykh, Ekaterina"]
[Result "1-0"]
[BlackTitle "WIM"]
[WhiteElo "2207"]
[BlackElo "2308"]
[WhiteFideId "4167155"]
[BlackFideId "4137582"]
[EventDate "2017.10.02"]
[EventType "blitz"]

1. d4 d5 2. Nf3 Nf6 3. c4 e6 4. Nc3 Be7 5. Bg5 h6 6. Bh4 Nbd7 7. e3 O-O 8. Qc2
b6 9. cxd5 exd5 10. Bd3 c5 11. O-O Bb7 12. Rac1 Re8 13. Bf5 Nf8 14. Ne5 Bd6 15.
Nf3 Ne6 16. Rfd1 c4 17. a4 a6 18. b3 Rc8 19. bxc4 Rxc4 20. Ne5 Bxe5 21. dxe5
Rxh4 22. exf6 Qxf6 23. Nxd5 Qe5 24. f4 Qb8 25. Nxb6 Qa7 26. Rb1 g6 27. Bxg6 Rg4
28. Be4 Bxe4 29. Qxe4 Ng7 30. Qc2 Qe7 31. Nd5 Qh4 32. Rb6 Ne6 33. f5 Ng7 1-0

[Event "ch-RUS Blitz Women 2017"]
[Site "Sochi RUS"]
[Date "2017.10.02"]
[Round "4.6"]
[White "Nechaeva, Marina"]
[Black "Komiagina, Maria"]
[Result "1-0"]
[WhiteTitle "IM"]
[BlackTitle "WIM"]
[WhiteElo "2431"]
[BlackElo "2234"]
[WhiteFideId "4149351"]
[BlackFideId "4153987"]
[EventDate "2017.10.02"]
[EventType "blitz"]

1. d4 Nf6 2. c4 e6 3. Nc3 Bb4 4. Nf3 d5 5. cxd5 exd5 6. Bg5 h6 7. Bh4 O-O 8. e3
Be7 9. Bd3 c6 10. h3 Re8 11. Bg3 Nbd7 12. Qc2 Nf8 13. Ne5 Bd6 14. O-O Bxe5 15.
Bxe5 N6d7 16. Bg3 Nf6 17. b4 b6 18. Rfd1 Bb7 19. Rac1 Qe7 20. Qb1 Ne4 21. Nxe4
dxe4 22. Bc4 Rac8 23. a4 Nd7 24. Qb3 Nf6 25. b5 cxb5 26. Bxb5 Red8 27. Bh4 Qd6
28. Bc4 Rc7 29. Bg3 Qe7 30. Bxc7 Qxc7 31. Ba6 Qe7 32. Bxb7 Qxb7 33. Rc2 Qe7 34.
Rdc1 Rd7 35. Rc8+ Kh7 36. R8c4 Nd5 37. Rc8 h5 38. Qd1 g6 39. Qe2 Kg7 40. Qb5 h4
41. Qc6 Nb4 42. Qa8 Nd3 43. Rg8+ Kh6 44. Rh8+ Kg5 45. Rf1 Qe6 46. Re8 Qf5 47.
Qxe4 Qxe4 48. Rxe4 Nb2 49. a5 Nc4 50. axb6 axb6 51. Rg4+ Kf6 52. Rxh4 b5 53. Rb1
Rb7 54. d5 Nd2 55. Rb2 g5 56. Rd4 1-0

[Event "ch-RUS Blitz Women 2017"]
[Site "Sochi RUS"]
[Date "2017.10.02"]
[Round "4.7"]
[White "Bivol, Alina"]
[Black "Shaydullina, Sandugach"]
[Result "1/2-1/2"]
[WhiteTitle "WGM"]
[BlackTitle "WGM"]
[WhiteElo "2356"]
[BlackElo "2185"]
[WhiteFideId "4100123"]
[BlackFideId "4140389"]
[EventDate "2017.10.02"]
[EventType "blitz"]

1. e4 c5 2. Nf3 Nc6 3. d4 cxd4 4. Nxd4 Nf6 5. Nc3 d6 6. Bg5 Bd7 7. Bb5 Qa5 8.
Bxf6 gxf6 9. Nxc6 bxc6 10. Bd3 Rg8 11. g3 Bh3 12. Qd2 Rb8 13. Nd1 Qh5 14. Be2
Qe5 15. Qe3 Bg2 16. Rg1 Qxe4 17. Qxa7 Rxb2 18. Nxb2 Bf3 19. Qe3 Qb4+ 20. Kd1
Qxb2 21. Rc1 Bxe2+ 22. Kxe2 Rg5 23. f4 Rc5 24. Qb3 Qd4 25. Rgd1 Qe4+ 26. Kf2 e5
27. Qd3 Qa4 28. Qb3 Qa7 29. Kg2 d5 30. Rb1 Bd6 31. Qb7 Qxb7 32. Rxb7 Rxc2+ 33.
Kh3 Rxa2 34. fxe5 fxe5 35. Rc1 c5 36. Rf1 e4 37. Rfxf7 e3 38. Rf5 d4 39. Rd5 Ra6
40. Rb2 Kd7 41. Kg4 Kc6 42. Rf5 d3 43. Kf3 e2 44. Rb1 c4 45. Ke3 Ra2 46. Rf6 Kd5
47. Rb5+ 1/2-1/2

[Event "ch-RUS Blitz Women 2017"]
[Site "Sochi RUS"]
[Date "2017.10.02"]
[Round "4.8"]
[White "Tomilova, Elena"]
[Black "Kabanova, Ekaterina"]
[Result "0-1"]
[WhiteTitle "WIM"]
[BlackTitle "WFM"]
[WhiteElo "2307"]
[BlackElo "2205"]
[WhiteFideId "4162340"]
[BlackFideId "24112917"]
[EventDate "2017.10.02"]
[EventType "blitz"]

1. d4 c5 2. d5 e5 3. Nc3 a6 4. a4 d6 5. e4 Ne7 6. g3 Ng6 7. h4 Be7 8. Bh3 h6 9.
h5 Nf8 10. Nge2 Bxh3 11. Rxh3 Nh7 12. Rh1 Nd7 13. f4 exf4 14. gxf4 Bh4+ 15. Kf1
Bf6 16. Qd3 b6 17. Be3 O-O 18. Ng3 Re8 19. Nf5 Qc7 20. Rg1 Kh8 21. Bf2 c4 22.
Qg3 Rg8 23. Re1 Rae8 24. Bd4 Bxd4 25. Nxd4 Ndf6 26. e5 dxe5 27. fxe5 Nxh5 28.
Qh2 g6 29. d6 Qc5 30. Nf3 Rd8 31. Ne4 Qd5 32. c3 Qd3+ 33. Qe2 Qd5 34. Qe3 Rge8
35. Qxh6 Qd3+ 36. Kf2 Rg8 37. Nfg5 Rg7 38. Nf3 Kg8 39. Nf6+ N7xf6 40. exf6 Nxf6
41. Qg5 Rxd6 42. Rh1 Qf5 43. Qh6 Ng4+ 44. Kg3 Nxh6 45. Re8+ Kh7 46. Rxh6+ Kxh6
47. Rh8+ Rh7 0-1

[Event "ch-RUS Blitz Women 2017"]
[Site "Sochi RUS"]
[Date "2017.10.02"]
[Round "4.9"]
[White "Drozdova, Dina"]
[Black "Travkina, Anastasia"]
[Result "1-0"]
[WhiteTitle "WIM"]
[BlackTitle "WFM"]
[WhiteElo "2209"]
[BlackElo "2221"]
[WhiteFideId "4170695"]
[BlackFideId "24129151"]
[EventDate "2017.10.02"]
[EventType "blitz"]

1. d4 d5 2. c4 c6 3. cxd5 cxd5 4. Nc3 Nf6 5. Nf3 Nc6 6. Bf4 e6 7. e3 Be7 8. Bd3
Nh5 9. Bg3 O-O 10. Rc1 g6 11. Be5 Nxe5 12. dxe5 f5 13. g3 Bd7 14. Nd4 Qb6 15.
Qb3 Bc5 16. Qxb6 Bxb6 17. f4 Rac8 18. Kd2 Ng7 19. Bb5 Bxb5 20. Ncxb5 Bxd4 21.
exd4 a6 22. Nd6 Rc6 23. Nxb7 Rb6 24. Nc5 Rxb2+ 25. Rc2 Rfb8 26. Rc1 Rxc2+ 27.
Rxc2 a5 28. Nd7 Rd8 29. Nf6+ Kh8 30. Rc7 Rb8 31. Ra7 1-0

[Event "ch-RUS Blitz Women 2017"]
[Site "Sochi RUS"]
[Date "2017.10.02"]
[Round "4.10"]
[White "Charochkina, Daria"]
[Black "Kovanova, Baira"]
[Result "1-0"]
[WhiteTitle "IM"]
[BlackTitle "WGM"]
[WhiteElo "2321"]
[BlackElo "2371"]
[WhiteFideId "4180917"]
[BlackFideId "4164083"]
[EventDate "2017.10.02"]
[EventType "blitz"]

1. d4 Nf6 2. Bf4 e6 3. Nf3 d5 4. e3 Nbd7 5. Nbd2 Be7 6. h3 c5 7. c3 b6 8. Bb5
Bb7 9. Ne5 O-O 10. Nc6 Qe8 11. Nxe7+ Qxe7 12. Nf3 Ne4 13. O-O a6 14. Bd3 c4 15.
Bc2 f6 16. Nd2 f5 17. Qe2 b5 18. a4 b4 19. Nxe4 fxe4 20. cxb4 Qxb4 21. Qg4 Qe7
22. f3 Nf6 23. Qh4 Rf7 24. Rac1 Raf8 25. Be5 Qb4 26. fxe4 Nxe4 27. Rxf7 Rxf7 28.
Bxe4 dxe4 29. Qd8+ Rf8 30. Qd7 Rf7 31. Qe8+ Qf8 32. Qxe6 Qb4 33. Qe8+ Rf8 34.
Qe6+ Rf7 35. Bf4 Qxb2 36. Qxc4 Qd2 37. Qc2 Qb4 38. Rb1 Qe7 39. Qb3 g5 40. Be5 h6
41. Rf1 Qd7 42. Rf6 Bd5 43. Qb6 Rxf6 44. Qxf6 Be6 45. Qh8+ Kf7 46. Qg7+ Ke8 47.
Qh8+ Kf7 48. Qxh6 g4 49. hxg4 Bxg4 50. Qg7+ Ke8 51. Qg8+ Ke7 52. d5 Bf5 53. d6+ 1-0

[Event "ch-RUS Blitz Women 2017"]
[Site "Sochi RUS"]
[Date "2017.10.02"]
[Round "4.11"]
[White "Bykova, Anastasia"]
[Black "Ambartsumova, Karina"]
[Result "1/2-1/2"]
[WhiteTitle "WFM"]
[BlackTitle "WGM"]
[WhiteElo "2234"]
[BlackElo "2359"]
[WhiteFideId "4164970"]
[BlackFideId "4166299"]
[EventDate "2017.10.02"]
[EventType "blitz"]

1. d4 Nf6 2. Nf3 g6 3. Bf4 Bg7 4. e3 O-O 5. Be2 d6 6. h3 Nc6 7. c3 Nd7 8. Bh2 e5
9. O-O e4 10. Nfd2 f5 11. f3 exf3 12. Bxf3 Nf6 13. e4 Re8 14. exf5 gxf5 15. Nc4
Ne4 16. Nbd2 Qg5 17. Bh5 Rf8 18. Bf4 Qe7 19. Ne3 Nf6 20. Bf3 Bd7 21. Qc2 Rae8
22. Nxf5 Qf7 23. Nh6+ Bxh6 24. Bxh6 d5 25. Bxf8 Rxf8 26. Rae1 Ne7 27. Re5 c6 28.
Rg5+ Kh8 29. Qd3 Neg8 30. Bh5 Qe7 31. Re5 Qg7 32. Bd1 b5 33. Qe3 Qg6 34. Kh1 Rf7
35. Rg5 Qh6 36. Rg3 Qh4 37. Qg5 Qxg5 38. Rxg5 Re7 39. Re5 Rg7 40. g4 h6 41. Bc2
a5 42. Bf5 Be8 43. Be6 Bg6 44. Nf3 Be4 45. Kh2 b4 46. Nh4 bxc3 47. bxc3 Rb7 48.
Bxg8 Nxg8 49. Rf8 Kg7 50. Rc8 Rb2+ 51. Kg3 Rxa2 52. Rc7+ Kf8 53. Nf5 Rc2 54.
Rc8+ Kf7 55. Ree8 Bxf5 56. Rxg8 Rxc3+ 57. Kh4 Be4 58. Rgf8+ Ke7 59. Rfe8+ Kd7
60. Red8+ Ke7 61. Rh8 a4 62. Ra8 a3 63. Rh7+ Bxh7 64. Ra7+ Kd6 65. Rxh7 a2 66.
Ra7 Rc2 67. g5 hxg5+ 68. Kxg5 c5 69. dxc5+ Kxc5 70. h4 Kb4 71. h5 Rg2+ 72. Kf6
Rh2 73. Kg6 Kb3 74. h6 Kb2 75. Rb7+ Kc1 76. Ra7 Kb1 77. Rb7+ Kc1 78. Ra7 Kb1 79.
Rb7+ Rb2 80. Rxb2+ Kxb2 81. h7 a1=Q 82. h8=Q+ Kb1 83. Qh1+ Kb2 84. Qxa1+ Kxa1
85. Kf5 Kb2 86. Ke5 Kc3 87. Kxd5 1/2-1/2

[Event "ch-RUS Blitz Women 2017"]
[Site "Sochi RUS"]
[Date "2017.10.02"]
[Round "4.12"]
[White "Garifullina, Leya"]
[Black "Girya, Olga"]
[Result "1-0"]
[WhiteTitle "WCM"]
[BlackTitle "WGM"]
[WhiteElo "1936"]
[BlackElo "2505"]
[WhiteFideId "34127035"]
[BlackFideId "4195752"]
[EventDate "2017.10.02"]
[EventType "blitz"]

1. e4 c6 2. d4 d5 3. e5 Bf5 4. h4 a6 5. g4 Bd7 6. h5 e6 7. f4 c5 8. c3 Nc6 9.
Nf3 cxd4 10. cxd4 Bb4+ 11. Kf2 Nge7 12. Kg3 Ba5 13. Be3 Rc8 14. a3 h6 15. b4 Bb6
16. Qd2 O-O 17. Nc3 f6 18. Na4 Ba7 19. Nc5 Rc7 20. Bd3 Bc8 21. Kg2 b6 22. Nxa6
Rd7 23. b5 Na5 24. Qb2 Nc4 25. Bxc4 dxc4 26. Nb4 Bb7 27. Kg3 Bb8 28. Rhc1 Nd5
29. Nxd5 Bxd5 30. Nh4 Rff7 31. Ng6 fxe5 32. dxe5 Be4 33. Rxc4 Rd3 34. Rc3 Rfd7
35. Rac1 Kh7 36. Rxd3 Rxd3 37. Rc3 Bxg6 38. hxg6+ Kg8 39. Qc2 Rxc3 40. Qxc3 Qd5
41. a4 Qd7 42. Qc4 Bc7 43. Qd4 Qc8 44. Qe4 Qe8 45. Qc6 Qe7 46. Bxb6 Bxb6 47.
Qxb6 Qa3+ 48. Kh4 Qe7+ 49. Kh5 Qe8 50. Qc6 Qd8 51. Qxe6+ Kh8 52. b6 Qa8 53. Kh4
Qh1+ 54. Kg3 Qe1+ 55. Kf3 Qf1+ 56. Ke3 Qe1+ 57. Kd4 Qb4+ 58. Kd3 Qa3+ 59. Kc2
Qc5+ 60. Kb3 Qe3+ 61. Kb4 Qxf4+ 62. Kb5 Qf1+ 63. Kc5 Qf8+ 64. Kc6 h5 65. Qd6
Qa8+ 66. b7 Qa6+ 67. Kc7 Qa5+ 68. Kc8 1-0

[Event "ch-RUS Blitz Women 2017"]
[Site "Sochi RUS"]
[Date "2017.10.02"]
[Round "4.13"]
[White "Protopopova, Anastasiya"]
[Black "Voit, Daria"]
[Result "0-1"]
[WhiteTitle "WFM"]
[BlackTitle "FM"]
[WhiteElo "2219"]
[BlackElo "2387"]
[WhiteFideId "24172073"]
[BlackFideId "4182146"]
[EventDate "2017.10.02"]
[EventType "blitz"]

1. d4 Nf6 2. c4 e6 3. g3 Bb4+ 4. Nd2 c5 5. a3 Bxd2+ 6. Qxd2 cxd4 7. Nf3 b6 8.
Bg2 Bb7 9. O-O O-O 10. b4 Qc7 11. Qxd4 d5 12. cxd5 Bxd5 13. Bb2 Qb7 14. Rfe1
Nbd7 15. Rad1 Rac8 16. Rc1 Rfd8 17. Qh4 Qa6 18. Rxc8 Rxc8 19. e4 Bb3 20. e5 Nd5
21. Ng5 h6 22. Ne4 Qd3 23. Nd6 Rf8 24. Bc1 Nc3 25. Bxh6 gxh6 26. Qxh6 Qg6 27.
Qe3 Bd5 28. Qxc3 Bxg2 29. Kxg2 Qg5 30. Re4 f5 31. exf6 Nxf6 32. Rxe6 Qd5+ 33.
Qf3 Qxe6 34. Nb5 Qe4 35. Nd6 Qxf3+ 36. Kxf3 Ne8+ 0-1

[Event "ch-RUS Blitz Women 2017"]
[Site "Sochi RUS"]
[Date "2017.10.02"]
[Round "4.14"]
[White "Getman, Tatyana"]
[Black "Vasilevich, Tatjana"]
[Result "0-1"]
[BlackTitle "IM"]
[WhiteElo "2082"]
[BlackElo "2360"]
[WhiteFideId "34166146"]
[BlackFideId "14101610"]
[EventDate "2017.10.02"]
[EventType "blitz"]

1. d4 Nf6 2. c4 c5 3. d5 b5 4. cxb5 a6 5. bxa6 Bxa6 6. Nc3 d6 7. Nf3 g6 8. e4
Bxf1 9. Kxf1 Bg7 10. g3 Nbd7 11. Kg2 O-O 12. h3 Ra6 13. Qc2 Qa8 14. Be3 Rb8 15.
Nd2 e6 16. dxe6 fxe6 17. Rhd1 d5 18. exd5 exd5 19. Bf4 Rb4 20. Nf3 d4 21. Ne2
Nd5 22. Bd2 Ne5 23. Bxb4 Ne3+ 24. fxe3 Qxf3+ 25. Kg1 Qxe3+ 26. Kh1 Qf3+ 27. Kg1
d3 28. Rf1 Qe3+ 0-1

[Event "ch-RUS Blitz Women 2017"]
[Site "Sochi RUS"]
[Date "2017.10.02"]
[Round "4.15"]
[White "Belenkaya, Dina"]
[Black "Belkova, Diana"]
[Result "1-0"]
[WhiteTitle "WGM"]
[WhiteElo "2346"]
[BlackElo "1962"]
[WhiteFideId "24142654"]
[BlackFideId "34102849"]
[EventDate "2017.10.02"]
[EventType "blitz"]

1. e4 c5 2. Nf3 Nc6 3. Bb5 e6 4. O-O Nge7 5. Re1 a6 6. Bf1 d5 7. exd5 Nxd5 8. d4
cxd4 9. Nxd4 Bc5 10. Nxc6 bxc6 11. c4 Nf6 12. Qxd8+ Kxd8 13. Nc3 Ke7 14. Bg5 Rb8
15. Ne4 Ba7 16. b3 h6 17. Bf4 Nxe4 18. Bxb8 Bxf2+ 19. Kh1 Bxe1 20. Rxe1 Nf6 21.
c5 Rd8 22. Bd6+ Ke8 23. b4 Nd5 24. Rb1 Nc3 25. Rb2 Ne4 26. Bf4 Rd1 27. Kg1 g5
28. Be3 f5 29. g3 Nf6 30. Kg2 Nd5 31. Bd2 Kf7 32. Be2 Ra1 33. Bc4 Rd1 34. Bb3
Ra1 35. Rc2 Bd7 36. Bc4 Bc8 37. Kf2 Nf6 38. Bd3 Bb7 39. Bc1 Nd5 40. Bd2 Rb1 41.
a3 Ra1 42. Bc1 Bc8 43. Ke2 Nc7 44. Kd2 Nb5 45. Bxb5 axb5 46. Kc3 Kf6 47. Kb2
Rxc1 48. Rxc1 e5 49. Rd1 Ke7 50. Rd6 Bd7 51. Rxh6 1-0

[Event "ch-RUS Blitz Women 2017"]
[Site "Sochi RUS"]
[Date "2017.10.02"]
[Round "4.16"]
[White "Ilyina, Lada"]
[Black "Nebolsina, Vera"]
[Result "0-1"]
[BlackTitle "WGM"]
[WhiteElo "1736"]
[BlackElo "2220"]
[WhiteFideId "34165891"]
[BlackFideId "4163591"]
[EventDate "2017.10.02"]
[EventType "blitz"]

1. e4 c5 2. Nf3 d6 3. Bb5+ Nd7 4. O-O Nf6 5. Nc3 a6 6. Bxd7+ Bxd7 7. d4 cxd4 8.
Nxd4 g6 9. f4 e5 10. Nb3 Be7 11. fxe5 dxe5 12. Bh6 Qb6+ 13. Kh1 O-O-O 14. Bg7
Be6 15. Qe1 Ng4 16. Bxh8 Rxh8 17. Rf3 h5 18. Nd5 Bxd5 19. exd5 f5 20. Qxe5 Nxe5 0-1

[Event "ch-RUS Blitz Women 2017"]
[Site "Sochi RUS"]
[Date "2017.10.02"]
[Round "5.1"]
[White "Goryachkina, Aleksandra"]
[Black "Pogonina, Natalija"]
[Result "1-0"]
[WhiteTitle "WGM"]
[BlackTitle "WGM"]
[WhiteElo "2478"]
[BlackElo "2466"]
[WhiteFideId "4147103"]
[BlackFideId "4147855"]
[EventDate "2017.10.02"]
[EventType "blitz"]

1. e4 e5 2. Nf3 Nc6 3. d4 exd4 4. Nxd4 Bc5 5. Be3 Qf6 6. c3 Nge7 7. Bb5 Bb6 8.
O-O O-O 9. a4 a6 10. Be2 d6 11. Na3 Qg6 12. Nxc6 bxc6 13. Bxb6 cxb6 14. Bf3 b5
15. Nc2 Bb7 16. axb5 axb5 17. Nd4 Qf6 18. Qd2 Ng6 19. Nf5 d5 20. Ng3 Ne5 21. Be2
Rad8 22. f4 Nc4 23. Bxc4 dxc4 24. Qe2 Rd3 25. e5 Qe7 26. f5 Qc5+ 27. Kh1 Re3 28.
Qg4 Qxe5 29. f6 g6 30. Qh4 h5 31. Rf5 Re1+ 32. Rxe1 Qxe1+ 33. Rf1 Re8 34. h3 Qe5
35. Nf5 Re6 36. Qg5 Qe2 37. Rg1 Qe5 38. Rf1 Qe2 39. Rg1 Qe5 40. Rf1 Qe2 41. Qh6
Qxf1+ 42. Kh2 1-0